00345nam a2200133Ia 4500008004100000082001500041100001600056245003300072250000600105260002600111300000800137630003300145730003300178100122s9999 xx 000 0 und d b63966a823 aGARDNER E S aTHE CASE OF THE VELVET CLAWS a0 bBALLANINE BOOKSc1985 a215 aTHE CASE OF THE VELVET CLAWS aTHE CASE OF THE VELVET CLAWS